| 000 | 00987nam a22002177a 4500 | ||
|---|---|---|---|
| 999 |
_c22400 _d22400 |
||
| 003 | OSt | ||
| 005 | 20220602124718.0 | ||
| 008 | 150807s2015 pe 000 0 spa | ||
| 020 | _a9786124406058 | ||
| 040 | _cBiblioteca Municipal de Cusco | ||
| 082 |
_a372.52085/H51 _bH51 |
||
| 100 |
_aHiga Oshiro, Augusto _d1946- _eautor _948043 |
||
| 245 |
_aJapón no da dos oportunidades / _cAugusto Higa Oshiro |
||
| 250 | _aSegunda edición, primera reimpresión. | ||
| 264 | 1 |
_aLima : _bAnimal de Invierno, _bLibro & Arte, _c2020. |
|
| 300 |
_a270 páginas ; _c22 cm. |
||
| 520 | _aTestimonio del autor sobre su experiencia laboral en Gunma-Tokio-Japon durante 18 meses, en condición de dekasegui (trabajador en tierra lejana), incluye información sobre la productividad de la industria japonesa y las difíciles y duras condiciones sociales y de trabajo para los nikkei. | ||
| 650 |
_aPeruanos _zJapón _948044 |
||
| 651 |
_aJapón _xEmigración e inmigración _948045 |
||
| 942 |
_2ddc _cLIBROS |
||